| 000 | 00932nam a22002177a 4500 | ||
|---|---|---|---|
| 005 | 20241115171044.0 | ||
| 008 | 241024b |||||||| |||| 00| 0 eng d | ||
| 020 | _a9781935096146 | ||
| 082 | _aDC 810.85020382022 C432 2008 | ||
| 245 |
_aChicken soup for the soul : _bstories of faith : inspirational stories of hope, devotion, faith, and miracles / _ccompiled by Jack Canfield, Mark Victor Hansen ; edited by Amy Newmark. |
||
| 260 |
_aCos Cob, CT : _bChicken Soup for the Soul Publiching, LLC., _c©2008. |
||
| 300 |
_axi, 382 pages : _billustrations ; _c21 cm. |
||
| 650 | 0 |
_aFaith _xLiterary collections. _964203 |
|
| 650 | 0 |
_aChristian life _xLiterary collections. _964204 |
|
| 650 | 0 |
_aFaith _xAnecdotes. _964205 |
|
| 650 | 0 |
_aChristian life _xAnecdotes. _964206 |
|
| 700 |
_aCanfield, Jack, _ecompiler. _964208 |
||
| 700 |
_aHansen, Mark Victor. _963433 _ecompiler. |
||
| 700 |
_aNewmark, Amy, _eeditor. _964207 |
||
| 942 |
_2ddc _cDC |
||
| 999 |
_c22892 _d22892 |
||